00675nam a2200241 a 4500001001300000003000900013005001700022008004100039020001000080082001500090100002700105245002000132260005000152300000900202500003500211505001000246650002500256700002700281902000800308942000700316952009500323999001500418nice12345678IN_TiNIC20260116011414.0050524s1906 boma grp 000 0 per  ac10000a297.5bKHI aHilwati, Mohd Ibraheem aAadaab-E-Nasiri aBombay bShethia Audio Vidio Pvt. Ltd. c1906 a118p aincludes index and biblioraphy2 aIndex aIslam-Moral Theology1 aHilwati, Mohd Ibraheem bSRS cBK 00104070aHMIbHMId2007-07-03g100.00l0o297.5 KHIp4475r2007-07-03w2026-01-16yARB c1245d1245